Classifica Marcatori Europei di Calcio 2024 - Statistics

Statistiche generali
  • Questo quiz è stato fatto 99 volte
    75 dall'ultimo reset
  • Il punteggio medio è 7 su 16
Statistiche sulle risposte
Gol Nazione Calciatore % Corretto
3 Inghilterra Harry Kane
88%
3 Germania Jamal Musiala
74%
3 Spagna Dani Olmo
60%
3 Paesi Bassi Cody Gakpo
58%
2 Spagna Nico Williams
58%
3 Georgia Georges Mikautadze
57%
2 Germania Niclas Füllkrug
51%
2 Germania Florian Wirtz
48%
2 Svizzera Breel Embolo
40%
2 Germania Kai Havertz
32%
2 Romania Răzvan Marin
23%
2 Spagna Fabián Ruiz
20%
2 Paesi Bassi Donyell Malen
18%
3 Slovacchia Ivan Schranz
17%
2 Turchia Merih Demiral
15%
2 Inghilterra Jude Bellingham
8%
Nessun quiz corrispondente trovato
Distribuzione punteggi
Percentuale di utenti per punteggio
Percentile per numero di risposta
I tuoi punteggi nel tempo
Non hai fatto questo quiz dall'ultimo reset